[Event "Fermo Provinciale-ch FM"]
[Site "Porto San Giorgio"]
[Date "2010.01.30"]
[Round "4"]
[White "Mondaini, Roberto"]
[Black "Tittarelli, Adriano"]
[Result "0-1"]
[WhiteElo "1521"]
[BlackElo "1865"]
[PlyCount "106"]
[EventDate "2010.01.23"]
[EventType "swiss"]
[EventRounds "6"]
[EventCountry "ITA"]
[SourceTitle "EXT 2024"]
[Source "ChessBase"]
[SourceDate "2023.10.10"]
[SourceVersion "1"]
[SourceVersionDate "2023.10.10"]
[SourceQuality "1"]

1. d4 e6 2. e4 b5 3. Nf3 a6 4. Bd3 c5 5. c4 cxd4 6. Nxd4 Bc5 7. Nb3 Ba7 8. 0-0 bxc4 9. Bxc4 Bb7 10. Nc3 Nc6 11. Bf4 Nge7 12. Qe2 Ng6 13. Be3 Bb8 14. Nd2 0-0 15. Nf3 Qc7 16. Bb3 Nce5 17. g3 Nxf3+ 18. Qxf3 f5 19. Qe2 fxe4 20. Rac1 Qe5 21. Rfd1 d5 22. Na4 Nh4 23. Nb6 Nf3+ 24. Kh1 Qh5 25. h4 Qg4 26. Qf1 d4 27. Rxd4 Nxd4 28. Nxa8 Nxb3 29. axb3 Bxa8 30. Qxa6 Qh3+ 31. Kg1 Bxg3 32. Rc8 Bh2+ 33. Kh1 Bf4+ 34. Kg1 Qh2+ 35. Kf1 Qh1+ 36. Ke2 Qf3+ 37. Ke1 Bxe3 38. Qxe6+ Qf7 39. Qxf7+ Kxf7 40. Rxf8+ Kxf8 41. fxe3 Ke7 42. Kf2 Kd6 43. Kg3 Bd5 44. Kf4 Bc6 45. b4 Kd5 46. b3 Bd7 47. h5 h6 48. b5 Bxb5 49. Kf5 Be8 50. b4 Bxh5 51. b5 Bf3 52. Kg6 Kc5 53. Kxg7 h5 0-1

[Event "Fermo Provinciale-ch FM"]
[Site "Porto San Giorgio"]
[Date "2010.01.23"]
[Round "1"]
[White "Guglielmi, Dante"]
[Black "Mondaini, Roberto"]
[Result "1-0"]
[WhiteElo "1910"]
[BlackElo "1521"]
[PlyCount "139"]
[EventDate "2010.01.23"]
[EventType "swiss"]
[EventRounds "6"]
[EventCountry "ITA"]
[SourceTitle "EXT 2024"]
[Source "ChessBase"]
[SourceDate "2023.10.10"]
[SourceVersion "1"]
[SourceVersionDate "2023.10.10"]
[SourceQuality "1"]

1. c4 e6 2. Nf3 d5 3. b3 Nf6 4. Bb2 Be7 5. g3 0-0 6. Bg2 c6 7. 0-0 Nfd7 8. Nc3 Bf6 9. Qc2 Re8 10. d3 Nf8 11. Rac1 Nbd7 12. e3 Ne5 13. Nd4 Neg6 14. Nce2 e5 15. Nf3 e4 16. dxe4 Bxb2 17. Qxb2 dxe4 18. Nfd4 Nd7 19. Nf5 Qf6 20. Qxf6 Nxf6 21. Nd6 Rd8 22. Nxe4 Nxe4 23. Bxe4 Rd2 24. Rc2 Rxc2 25. Bxc2 Nf8 26. Nf4 g5 27. Nh5 Be6 28. Rd1 f5 29. e4 fxe4 30. Nf6+ Kg7 31. Nxe4 Bf5 32. Rd2 h6 33. Nd6 Bxc2 34. Rxc2 b6 35. Re2 Rd8 36. Nf5+ Kh7 37. Re7+ Kg6 38. Ne3 Rd7 39. Re8 Kf7 40. Rc8 c5 41. Rc6 Rd2 42. Rc7+ Rd7 43. Rxd7+ Nxd7 44. Nf5 Ne5 45. Nd6+ Ke6 46. Nc8 Nd3 47. Nxa7 Nc1 48. Nc8 Nxa2 49. Nxb6 Nc1 50. Nd5 Nxb3 51. Kg2 Nd2 52. Ne3 Ke5 53. Ng4+ Ke4 54. Nxh6 Nxc4 55. f3+ Ke5 56. Kf2 Kd4 57. Nf5+ Kd3 58. h4 gxh4 59. gxh4 Ne5 60. h5 Nf7 61. h6 c4 62. h7 c3 63. Ne3 c2 64. Nxc2 Kxc2 65. Ke3 Kc3 66. f4 Kc4 67. Ke4 Kc5 68. Kf5 Kd5 69. Kf6 Nh8 70. Kg7 1-0